Sexuality, gender, and the law / (Record no. 2864)
[ view plain ]
| 000 -LEADER | |
|---|---|
| fixed length control field | 00872cam a2200241 a 4500 |
| 001 - CONTROL NUMBER | |
| control field | 1651756 |
| 005 - DATE AND TIME OF LATEST TRANSACTION | |
| control field | 20250122213709.0 |
| 008 - FIXED-LENGTH DATA ELEMENTS--GENERAL INFORMATION | |
| fixed length control field | 970210s1997 nyu 001 0 eng |
| 020 ## - INTERNATIONAL STANDARD BOOK NUMBER | |
| International Standard Book Number | 1566624614 (hard cover : alk. paper) |
| 050 00 - LIBRARY OF CONGRESS CALL NUMBER | |
| Classification number | KF9325.A7 |
| Item number | E84 1997 |
| 082 00 - DEWEY DECIMAL CLASSIFICATION NUMBER | |
| Classification number | 342.73/087 |
| Edition information | 21 |
| 100 1# - MAIN ENTRY--PERSONAL NAME | |
| Personal name | Eskridge, William N., |
| Titles and words associated with a name | Jr., |
| Dates associated with a name | 1951- |
| 245 10 - TITLE STATEMENT | |
| Title | Sexuality, gender, and the law / |
| Statement of responsibility, etc. | by William N. Eskridge, Jr., Nan D. Hunter. |
| 260 ## - PUBLICATION, DISTRIBUTION, ETC. | |
| Place of publication, distribution, etc. | Westbury, N.Y. : |
| Name of publisher, distributor, etc. | Foundation Press, |
| Date of publication, distribution, etc. | 1997. |
| 300 ## - PHYSICAL DESCRIPTION | |
| Extent | lv, 1194 p. ; |
| Dimensions | 26 cm. + |
| Accompanying material | teacher's manual. |
| 440 #0 - SERIES STATEMENT/ADDED ENTRY--TITLE | |
| Title | University casebook series |
| 500 ## - GENERAL NOTE | |
| General note | Includes index. |
| 650 #0 - SUBJECT ADDED ENTRY--TOPICAL TERM | |
| Topical term or geographic name entry element | Sex crimes |
| General subdivision | Law and legislation |
| Geographic subdivision | United States |
| General subdivision | Cases. |
| 650 #0 - SUBJECT ADDED ENTRY--TOPICAL TERM | |
| Topical term or geographic name entry element | Sex and law |
| Geographic subdivision | United States |
| General subdivision | Cases. |
| 650 #0 - SUBJECT ADDED ENTRY--TOPICAL TERM | |
| Topical term or geographic name entry element | Sex discrimination |
| General subdivision | Law and legislation |
| Geographic subdivision | United States |
| General subdivision | Cases. |
| 700 1# - ADDED ENTRY--PERSONAL NAME | |
| Personal name | Hunter, Nan D. |
| 942 ## - ADDED ENTRY ELEMENTS (KOHA) | |
| Source of classification or shelving scheme | Library of Congress Classification |
| Koha item type | Books |
| Suppress in OPAC | No |
| 999 ## - | |
| -- | 2864 |
| -- | 2864 |
| Withdrawn status | Lost status | Source of classification or shelving scheme | Damaged status | Not for loan | Collection | Home library | Current library | Shelving location | Date acquired | Total checkouts | Full call number | Barcode | Date last seen | Copy number | Price effective from | Koha item type |
|---|---|---|---|---|---|---|---|---|---|---|---|---|---|---|---|---|
| Library of Congress Classification | Non-fiction | Law Library (Christ Temple) | Law Library (Christ Temple) | General stacks | 01/22/2025 | KF9325.A7E84 ESK | LLCT00000254 | 01/22/2025 | 1 | 01/22/2025 | Books |